Library of the University of Algiers 3
Ibrahim Sultan Cheibout
شعار جامعة الجزائر 3
مكتبة جامعة الجزائر 3
إبراهيم سلطان شيبوط

النظرية الإقتصادية الكلية / (رقم التسجيلة. 43001)

تفاصيل مارك
000 -LEADER
fixed length control field 01045nam a2200217Ia 4500
003 - CONTROL NUMBER IDENTIFIER
control field Ost
005 - DATE AND TIME OF LATEST TRANSACTION
control field 20260507075115.0
008 - FIXED-LENGTH DATA ELEMENTS--GENERAL INFORMATION
fixed length control field 260507s9999||||xx |||||||||||||| ||und||
040 ## - CATALOGING SOURCE
Transcribing agency fsecg
041 ## - LANGUAGE CODE
Language code of text/sound track or separate title ara
082 ## - DEWEY DECIMAL CLASSIFICATION NUMBER
Classification number 339.3
100 ## - MAIN ENTRY--PERSONAL NAME
Personal name عطية، عبد القادر محمد عبد
Relator term مؤلف
245 #0 - TITLE STATEMENT
Title النظرية الإقتصادية الكلية /
Statement of responsibility, etc. عبد القادر محمد عبد عطية
260 ## - PUBLICATION, DISTRIBUTION, ETC.
Place of publication, distribution, etc. الإسكندرية:
Name of publisher, distributor, etc. جامعة الإسكندرية: كلية التجارة,
Date of publication, distribution, etc. 2005
300 ## - PHYSICAL DESCRIPTION
Extent 400 صفحة؛
Other physical details إيضاحات ؛
Dimensions 24 سم
520 ## - SUMMARY, ETC.
Summary, etc. مفهوم الإستقرار الإقتصادي والعوامل المؤثرة فيه- الطلب الكلي والعوامل المؤثرة فيه- مشاكل الإستقرار الإقتصادي- السياسات الإقتصادية وفاعليتها
653 ## - INDEX TERM--UNCONTROLLED
Uncontrolled term الإقتصاد الكلي
653 ## - INDEX TERM--UNCONTROLLED
Uncontrolled term النظريات الإقتصادية
700 ## - ADDED ENTRY--PERSONAL NAME
Personal name مقلد، رمضان محمد أحمد
Relator term مؤلف ثانوي
942 ## - ADDED ENTRY ELEMENTS (KOHA)
Koha item type كتب
المقتنيات
Withdrawn status Lost status Source of classification or shelving scheme Damaged status Not for loan Home library Current library Date acquired Serial enumeration / chronology Inventory number Total checkouts Full call number Barcode Date last seen Price effective from Koha item type
    Dewey Decimal Classification   NOT LOAN / إعارة داخلية مكتبة كلية العلوم الإقتصادية والعلوم التجارية وعلوم التسيير مكتبة كلية العلوم الإقتصادية والعلوم التجارية وعلوم التسيير 07/05/2026 الطابق الأرضي 1912/1   أ/1912ن1 1912/1 07/05/2026 07/05/2026 كتب
    Dewey Decimal Classification   Available مكتبة كلية العلوم الإقتصادية والعلوم التجارية وعلوم التسيير مكتبة كلية العلوم الإقتصادية والعلوم التجارية وعلوم التسيير 07/05/2026 الطابق الأرضي 1912/2   أ/1912ن2 1912/2 07/05/2026 07/05/2026 كتب
    Dewey Decimal Classification   Available مكتبة كلية العلوم الإقتصادية والعلوم التجارية وعلوم التسيير مكتبة كلية العلوم الإقتصادية والعلوم التجارية وعلوم التسيير 07/05/2026 الطابق الثاني 1912/3   أ/1912ن3 1912/3 07/05/2026 07/05/2026 كتب
    Dewey Decimal Classification   Available مكتبة كلية العلوم الإقتصادية والعلوم التجارية وعلوم التسيير مكتبة كلية العلوم الإقتصادية والعلوم التجارية وعلوم التسيير 07/05/2026 الطابق الثاني 1912/4   أ/1912ن4 1912/4 07/05/2026 07/05/2026 كتب

موارد الويب المفتوحة


© University of Algiers 3 All Rights Reserved
|
Implemented by LECHELAH Riad